Statistiche per Quiz sul Ruanda

Clicka qui per fare il quiz!

Statistiche generali

  • Questo quiz è stato fatto 228 volte
  • Il punteggio medio è 16 su 20

Statistiche sulle risposte

HintRisposta% Corretto
Paesi confinantiBurundi
98%
Uganda
98%
Lingue ufficialiFrancese
96%
Rep.Dem. del Congo
96%
Inglese
93%
Tanzania
93%
Il Ruanda è il quarto paese più piccolo della terraferma africana.
Nomina uno dei tre paesi che sono piccoli
Gambia | Eswatini |
Gibuti
92%
Paese da cui il Ruanda ha ottenuto l'indipendenza nel 1962 Belgio
89%
L'altro paese europeo che ha colonizzato il RuandaGermania
89%
CapitaleKigali
89%
Insieme al Mozambico, il Ruanda è l'unico paese che appartiene a questo organizzazione internazionale senza mai essere stata una colonia britannicaCommonwealth
88%
Gruppo etnico che fu la principale vittima del genocidio nel 1994Tutsi
78%
Gruppo etnico che principalmente si macchiò di questo crimineHutu
77%
Swahili
73%
Il Ruanda è uno dei soli tre paesi in cui questo primate vive allo stato selvatico{Gorilla} di montagna
72%
Film del 2004 con Don Cheadle che parla di questo massacro{Hotel} Rwanda
66%
Soprannome spesso dato al Ruanda a causa della suo territorioPaese dalle mille {colline}
57%
Presidente dal 2000, spesso considerato un "dittatore benevolo"Paul Kagame
50%
Grande lago che confina con il RuandaLago {Kivu}
49%
Kinyarwanda
48%

Distribuzione punteggi

Percentile per numero di risposta

Percentuale di utenti per punteggio

I tuoi punteggi nel tempo

Non hai fatto questo quiz